Contratos de colaboración empresaria: agrupaciones de colaboración uniones transitorias de empresas y joint ventures

-д хадгалсан:
Номзүйн дэлгэрэнгүй
Үндсэн зохиолчид: Cabanellas de las Cuevas, Guillermo (Зохиогч), Kelly, Julio Alberto (Зохиогч)
Формат: Ном
Хэл сонгох:испани
Хэвлэсэн: Buenos Aires Heliasta 1987
Нөхцлүүд:
Шошгууд: Шошго нэмэх
Шошго байхгүй, Энэхүү баримтыг шошголох эхний хүн болох!

MARC

LEADER 00000nam a2200000 a 4500
001 UCI7898
003 CL-VaPUC
008 080731e19870000AG |||||||||||||||||spa|d
020 |a 9509065544 
082 0 4 |a 346.0682  |b CAB  |2 21 
100 0 |a Cabanellas de las Cuevas, Guillermo  |e author  |9 531294 
700 |a Kelly, Julio Alberto  |e author  |9 531295 
245 1 0 |a Contratos de colaboración empresaria: agrupaciones de colaboración uniones transitorias de empresas y joint ventures 
300 |a 406 p 
942 |c BK 
945 |d 20080731 00:00:00  |a rbrito 
260 |a Buenos Aires  |b Heliasta  |c 1987 
650 0 |a Derecho comercial   |9 256340 
650 0 |a Sociedades comerciales   |9 257290 
650 0 |a Empresas   |9 255569 
650 0 |a Derecho argentino  |9 385298 
650 0 |a Joint ventures   |9 430294 
583 |a last modification  |c 20080731 00:00:00  |k Rodrigo Vera 
999 |c 331027  |d 331025 
952 |0 0  |1 0  |4 0  |6 346_068200000000000_CAB_1987  |7 0  |8 A  |9 417124  |a BIBDER  |b BIBDER  |d 2019-11-22  |i 4464931  |o 346.0682 CAB 1987  |p 4464931  |r 2023-01-25  |w 2019-11-22  |y BK  |k DER